Sell: Trust-Based Professional Selling With Mindtap (Record no. 41799)

MARC details
000 -LEADER
fixed length control field 00366nam a2200121Ia 4500
008 - FIXED-LENGTH DATA ELEMENTS--GENERAL INFORMATION
fixed length control field 241015s9999 xx 000 0 und d
041 ## - LANGUAGE CODE
Language code of text/sound track or separate title eng
082 ## - DEWEY DECIMAL CLASSIFICATION NUMBER
Classification number 658.85 ING
100 ## - MAIN ENTRY--PERSONAL NAME
Personal name Ingram/ Laforge/ Avila/ Schwepker/ Williams
245 ## - TITLE STATEMENT
Title Sell: Trust-Based Professional Selling With Mindtap
260 ## - PUBLICATION, DISTRIBUTION, ETC.
Name of publisher, distributor, etc. Cengage Learning India
Place of publication, distribution, etc. Dehli
Date of publication, distribution, etc. 2020
300 ## - PHYSICAL DESCRIPTION
Extent 325;. P. 24 cm

No items available.

Designed & Maintained by: LRC IMT Nagpur Contact: lrc@imtnag.ac.in© 2024. All Rights Reserved.